| 000 | 00555nam a22002057a 4500 | ||
|---|---|---|---|
| 003 | OSt | ||
| 005 | 20160331150937.0 | ||
| 008 | 160331b xxu||||| |||| 00| 0 eng d | ||
| 020 | _a0131293699 | ||
| 040 | _cDDC. | ||
| 082 | _a331SLO 2004. | ||
| 100 |
_aSloane A.Arthur;Witney,Fred; _97442 |
||
| 245 | _aLabor Relations. | ||
| 250 | _a11th ed. | ||
| 260 |
_aNew jersey. _bPearson Prentice Hall. _c2004. |
||
| 300 |
_axvi,458p; _bill; _c28cm. |
||
| 504 | _aincludes appendix,glossary and index. | ||
| 650 |
_aLabor Relations. _97542 |
||
| 942 |
_2ddc _cSLOAN |
||
| 999 |
_c3365 _d3365 |
||